Introduction to protein architecture : The structural biology of proteins

Written in a clear and engaging style, and profusely illustrated with superb computer graphics, Introduction to Protein Architecture is a textbook for second and third year undergraduate students and beginning post-graduate students, and will be of interest to all biological and medical scientists w...

תיאור מלא

שמור ב:
מידע ביבליוגרפי
מחבר ראשי: Lesk, Arthur M.
פורמט: ספר
שפה:Undetermined
יצא לאור: Oxford Oxford University Press 2001
נושאים:
תגים: הוספת תג
אין תגיות, היה/י הראשונ/ה לתייג את הרשומה!
Thư viện lưu trữ: Trung tâm Học liệu Trường Đại học Cần Thơ
LEADER 00935nam a2200217Ia 4500
001 CTU_191996
008 210402s9999 xx 000 0 und d
082 |a 572.633 
082 |b L629 
100 |a Lesk, Arthur M. 
245 0 |a Introduction to protein architecture : 
245 4 |b The structural biology of proteins 
245 0 |c Arthur M. Lesk 
260 |a Oxford 
260 |b Oxford University Press 
260 |c 2001 
520 |a Written in a clear and engaging style, and profusely illustrated with superb computer graphics, Introduction to Protein Architecture is a textbook for second and third year undergraduate students and beginning post-graduate students, and will be of interest to all biological and medical scientists whose work touches on proteins. 
650 |a Proteins,Chất đạm 
650 |x Structure,Cấu trúc 
904 |i Trúc 
980 |a Trung tâm Học liệu Trường Đại học Cần Thơ